000 00634nam a22001817a 4500
999 _c3916
_d3916
003 GBCCL
005 20241126110507.0
008 171218b xxu||||| |||| 00| 0 eng d
040 _cgbc
082 _a296
_bROB
100 1 _aRobertson, James
_d1840-1920.
_96848
245 1 4 _aThe early religion of Israel :
_bAs set forth by Biblical writers and by modern critical historians /
_cJames Robertson.
260 _aPhiladelphia:
_bThe Westminster Press,
_c1903
300 _a293 p.;
_c20 cm.
500 _aDelvered in substance, as the Baird lecture in the spring of 1889.
650 0 _aJudaism
_xHistory
_yTo 70 A.D.
_96849
942 _2ddc
_cBK